Mélanges Historiques
Guardat en:
| Autor principal: | |
|---|---|
| Format: | Llibre |
| Idioma: | francès |
| Publicat: |
París
Delangle Frères, Éditeurs-Libraires
1827
|
| Edició: | 1a. ed |
| Col·lecció: | Oeuvres Completes de Voltaire, 35, 36 y 37
|
| Matèries: | |
| Etiquetes: |
Afegir etiqueta
Sense etiquetes, Sigues el primer a etiquetar aquest registre!
|
MARC
| LEADER | 00000nam a2200000 a 4500 | ||
|---|---|---|---|
| 001 | UCJ7479 | ||
| 003 | CL-VaPUC | ||
| 008 | 070124e18270000FR |||||||||||||||||fre|d | ||
| 082 | 0 | 4 | |a 848 |b VOL |2 21 |
| 100 | 0 | |a Voltaire, François Marie Arouet de |e author |9 515926 | |
| 245 | 1 | 0 | |a Mélanges Historiques |
| 250 | |a 1a. ed | ||
| 300 | |a 3 v | ||
| 942 | |c BK | ||
| 945 | |d 20070124 00:00:00 |a rinostro | ||
| 260 | |a París |b Delangle Frères, Éditeurs-Libraires |c 1827 | ||
| 500 | |a Se encuentra en la Sala Emilio Tagle C | ||
| 650 | 0 | |a Anglicanismo |9 347523 | |
| 650 | 7 | |a CUAQUEROS |2 CL-VaPUC |9 514101 | |
| 650 | 7 | |a PRESBITERIANISMO |2 CL-VaPUC |9 515927 | |
| 650 | 0 | |a Poder legislativo |9 258808 | |
| 650 | 0 | |a Islamismo |9 314084 | |
| 583 | |a last modification |c 20070124 00:00:00 |k Rodrigo Vera | ||
| 490 | 0 | |a Oeuvres Completes de Voltaire, 35, 36 y 37 | |
| 999 | |c 323563 |d 323561 | ||
| 952 | |0 0 |1 0 |4 0 |6 848_000000000000000_VOL_1827 |7 0 |8 X |9 403259 |a FDOBUD |b FDOBUD |d 2019-11-22 |h v.1 |i 1064398 |o 848 VOL 1827 |p 1064398 |r 2019-11-22 |w 2019-11-22 |y BK_X |k BUD | ||
| 952 | |0 0 |1 0 |4 0 |6 848_000000000000000_VOL_1827 |7 0 |8 X |9 403260 |a FDOBUD |b FDOBUD |d 2019-11-22 |h v.2 |i 1064401 |o 848 VOL 1827 |p 1064401 |r 2019-11-22 |w 2019-11-22 |y BK_X |k BUD | ||
| 952 | |0 0 |1 0 |4 0 |6 848_000000000000000_VOL_1827 |7 0 |8 X |9 403261 |a FDOBUD |b FDOBUD |d 2019-11-22 |h v.3 |i 106441K |o 848 VOL 1827 |p 106441K |r 2019-11-22 |w 2019-11-22 |y BK_X |k BUD | ||